Ley Núm. 5343: establece los derechos y obligaciones referentes a la adopción

Bewaard in:
Bibliografische gegevens
Formaat: Boek
Taal:Spaans
Gepubliceerd in: Santiago La Nación 1935
Onderwerpen:
Tags: Voeg label toe
Geen labels, Wees de eerste die dit record labelt!

MARC

LEADER 00000nam a2200000 a 4500
001 UCS1203
003 CL-VaPUC
008 970509e19350000CL |||||||||||||||||spa|d
082 0 4 |a 346.017  |b LEY  |2 21 
245 1 0 |a Ley Núm. 5343: establece los derechos y obligaciones referentes a la adopción 
300 |a 8 p 
942 |c BK 
945 |d 19970509 00:00:00  |a cmena 
260 |a Santiago  |b La Nación  |c 1935 
500 |a Publicada en el Diario Oficial Nº16766, de 6 de Enero de 1934 
600 0 7 |a LEY 5343  |2 CL-VaPUC  |9 385452 
650 0 |a Derecho civil  |9 255013 
650 0 |a Derecho privado  |9 258243 
650 0 |a Adopción  |9 255783 
650 0 |a Familias   |9 255641 
650 7 |a LEGISLACION  |2 CL-VaPUC  |9 385453 
650 0 |a Jurisprudencia  |9 255952 
650 7 |a DERECHO CHILENO  |2 CL-VaPUC  |9 385454 
651 7 |a CHILE  |2 CL-VaPUC  |9 385455 
583 |a last modification  |c 19970509 00:00:00  |k Rodrigo Vera 
999 |c 259304  |d 259302 
952 |0 0  |1 0  |2 ddc  |4 0  |6 346_017000000000000_LEY_1935  |7 0  |8 A  |9 283958  |a BIBDER  |b BIBDER  |d 2019-11-19  |i 1849298  |o 346.017 LEY 1935  |p 1849298  |r 2023-01-25  |w 2019-11-19  |y MX  |k DER